Quel brawler fait parti du trio - Statistiques

Statistiques générales
  • Ce quiz a été pris 27 fois
  • Le résultat moyen est 17 sur 30
Statistiques - réponses
Hint Réponse % Correct
Colt Spike/Shelly
81%
Tara D'jin/Emeri
75%
Bull Corbac/Billie
69%
Mortis Franck/Elis@
69%
Nani Jessie/Pam
69%
Berry Mandy/Chester
69%
Brock A.R.K.A.D/Ricochet
63%
Tick Darryl/Penny
63%
Kaze Kenji
63%
Jae-Yong Mélodie
63%
Léon Nita/Bo
63%
Belle Sam/Pearl
63%
Meg Surge/Max
63%
Stu Bonnie/Janet
56%
Ash Grom/Moe
56%
Chuck Gus/Shade
56%
Hank Otis/Clancy
56%
Alli Willow/Angelo
56%
Griff Edgar/Colette
50%
Maisie Fang/Buster
50%
Carl Jacky/Dinamike
50%
Trunck Lily/Cordelius
50%
Gray Lola/Mico
50%
Lou Monsieur M/Gael
50%
Béa Rosa/Wally
50%
Larry & Lawrie R-T
50%
Eve Squeak/Médor
50%
Doug Buzz
44%
Poco El costo/Ambre
44%
Bartaba Polly/Byron
44%
Aucun quiz correspondant
Distribution des résultats
% des personnes avec chaque résultat
Percentile par nombre de réponses
Votre historique - résultats
Vous n’avez pas pris ce quiz